【E1】名神高速と交差する鉄道路線 - Statistics

General Stats
  • This quiz has been taken 125 times
  • The average score is 20 of 27
Answer Stats
路線 交差区間 % Correct
JR京都線 長岡京〜山崎
97%
JR神戸線 西宮〜甲子園口
97%
JR東海道本線 尾張一宮〜稲沢
95%
名鉄名古屋本線 妙興寺〜島氏永
92%
東海道新幹線 岐阜羽島〜名古屋米原〜京都〜新大阪
91%
近鉄京都線 竹田
87%
阪急京都線 西山天王山〜大山崎
87%
名鉄犬山線 布袋〜石仏
86%
阪急宝塚本線 服部天神〜庄内
80%
京阪本線 藤森
79%
JR奈良線 稲荷〜JR藤森
79%
JR宝塚線(福知山線) 塚口〜尼崎
78%
京都市営東西線 椥辻〜小野
77%
京都市営烏丸線 竹田
77%
JR草津線 手原~石部
77%
大阪モノレール本線 万博記念公園〜宇野辺
71%
養老鉄道養老線 友江〜大外羽
70%
近江鉄道本線 大学前〜京セラ前
66%
阪神本線 今津〜久寿川
66%
阪急神戸線 園田〜神崎川
65%
京阪石山坂本線 唐橋前〜石山寺
64%
京阪京津線 上栄町〜大谷〜追分
64%
名鉄尾西線 苅安賀〜二子
60%
阪急千里線 関大前
60%
北大阪急行南北線 緑地公園〜江坂
59%
山陽新幹線 新神戸〜新大阪
44%
近江鉄道多賀線 スクリーン〜多賀大社前
40%
No matching quizzes found
Score Distribution
Percent of People with Each Score
Percentile by Number Answered
Your Score History
You have not taken this quiz